000 01061nabaa22001937a 4500
999 _c6104
_d6104
003 OSt
005 20260122084610.0
008 190701b xxu||||| |||| 00| 0 spa d
040 _cPJ
100 _94984
_aFlores, Álvaro B.
245 1 3 _aLa aplicación de la Ley General de Sociedades en las empresas públicas /
_cÁlvaro B. Flores, Augusto José Paulos.
300 _ap. 63-70
505 _aSumario: I. Cuestiones preliminares.— II. El marco normativo aplicable.— III. El funcionamiento y la organización de las Sociedades del Estado.— IV. El funcionamiento y la organización de las sociedades anónimas estatales y las sociedades anónimas con participación estatal mayoritaria.— V. Palabras finales.
505 _t¿Te interesa el texto completo? Comunicate al correo: koha@justierradelfuego.gov.ar
650 0 _9211
_aDERECHO ADMINISTRATIVO
700 _96872
_aPaulos, Augusto José
773 0 _02842
_93251
_dBuenos Aires : AbeledoPerrot, 2012-
_oDA121
_tDerecho administrativo. Nº 145 enero/febrero 2023
_z18510590
942 _2udc
_cANA